00278nam a2200109Ia 4500008004100000100002400041245004900065260001700114650001300131942000700144999001700151190216s9999||||xx |||||||||||||| ||und|| aVishwanath Iyer M E 0aHindi-Vyaparik Aur Prashasnik Pathr Vyavahar bNbs Kottayam aCommerce cBK c25455d25455